Indian Vice Presidents - Statistics

General Stats
  • This quiz has been taken 19 times
  • The average score is 6 of 14
Answer Stats
Term President Vice President % Correct
2017 - 2022 Ram Nath Kovind & Droupadi Murmu Muppavarapu Venkaiah Naidu
80%
1952 - 1962 Rajendra Prasad Sarvepalli Radhakrishnan
80%
1962 - 1967 Sarvepalli Radhakrishnan Zakir Husain
73%
2007 - 2017 Pratibha Devisingh Patil, Pranab Mukherjee & Ram Nath Kovind Mohammad Hamid Ansari
60%
1984 - 1987 Giani Zail Singh Ramaswamy Venkataraman
60%
1967 - 1969 Zakir Husain Varahagiri Venkata Giri
60%
1987 - 1992 Ramaswamy Venkataraman Shankar Dayal Sharma
53%
2022 - Present Droupadi Murmu Jagdeep Dhankhar
47%
1992 - 1997 Shankar Dayal Sharma Kocheril Raman Narayanan
40%
1979 - 1984 Neelam Sanjiva Reddy & Giani Zail Singh Mohammad Hidayatullah
33%
1997 - 2002 Kocheril Raman Narayanan & A. P. J. Abdul Kalam Krishan Kant
20%
1974 - 1979 Fakhruddin Ali Ahmed & Neelam Sanjiva Reddy Basappa Danappa Jatti
13%
2002 - 2007 A. P. J. Abdul Kalam Bhairon Singh Shekhawat
13%
1969 - 1974 Varahagiri Venkata Giri & Fakhruddin Ali Ahmed Gopal Swarup Pathak
7%
No matching quizzes found
Score Distribution
Percent of People with Each Score
Percentile by Number Answered
Your Score History
You have not taken this quiz